Research methodology :a step-by-step guide for beginners / (Record no. 3943)

000 -LEADER
fixed length control field 01079cam a2200289 a 4500
001 - CONTROL NUMBER
control field 4524123
003 - CONTROL NUMBER IDENTIFIER
control field OSt
005 - DATE AND TIME OF LATEST TRANSACTION
control field 20170927091306.0
008 - FIXED-LENGTH DATA ELEMENTS--GENERAL INFORMATION
fixed length control field 990317s1999 enka b 001 0 eng
010 ## - LIBRARY OF CONGRESS CONTROL NUMBER
LC control number 99185113
020 ## - INTERNATIONAL STANDARD BOOK NUMBER
International Standard Book Number 0761962131
020 ## - INTERNATIONAL STANDARD BOOK NUMBER
International Standard Book Number 076196214X (pbk)
040 ## - CATALOGING SOURCE
Original cataloging agency DLC
Transcribing agency DLC
Modifying agency DLC
050 00 - LIBRARY OF CONGRESS CALL NUMBER
Classification number Q180.55.M4K86 1999
082 00 - DEWEY DECIMAL CLASSIFICATION NUMBER
Classification number 001.4/2
Edition number 21
100 1# - MAIN ENTRY--PERSONAL NAME
Personal name Kumar, Ranjit.
245 10 - TITLE STATEMENT
Title Research methodology :a step-by-step guide for beginners /
Statement of responsibility, etc Ranjit Kumar.
260 ## - PUBLICATION, DISTRIBUTION, ETC. (IMPRINT)
Place of publication, distribution, etc Melbourne;
Name of publisher, distributor, etc Longman Publishers,
Date of publication, distribution, etc 1996.
300 ## - PHYSICAL DESCRIPTION
Extent xvi, 276 p. :
Other physical details ill. ;
Dimensions 25 cm.
504 ## - BIBLIOGRAPHY, ETC. NOTE
Bibliography, etc Includes bibliographical references (p. [269]-271) and index.
650 #0 - SUBJECT ADDED ENTRY--TOPICAL TERM
Topical term or geographic name as entry element Research
General subdivision Methodology.
856 42 - ELECTRONIC LOCATION AND ACCESS
Materials specified Publisher description
Uniform Resource Identifier <a href="http://www.loc.gov/catdir/enhancements/fy0657/99185113-d.html">http://www.loc.gov/catdir/enhancements/fy0657/99185113-d.html</a>
856 41 - ELECTRONIC LOCATION AND ACCESS
Materials specified Table of contents only
Uniform Resource Identifier <a href="http://www.loc.gov/catdir/enhancements/fy0657/99185113-t.html">http://www.loc.gov/catdir/enhancements/fy0657/99185113-t.html</a>
906 ## - LOCAL DATA ELEMENT F, LDF (RLIN)
a 7
b cbc
c orignew
d 2
e ncip
f 19
g y-gencatlg
942 ## - ADDED ENTRY ELEMENTS (KOHA)
Source of classification or shelving scheme
Koha item type Book
Holdings
Withdrawn status Lost status Source of classification or shelving scheme Damaged status Not for loan Home library Current library Shelving location Date acquired Total Checkouts Full call number Barcode Date last seen Date checked out Copy number Price effective from Koha item type
          Riara University Library Riara University Library General stack 27/09/2017 1 Q180.55.M4K86 1996 9053/17 11/10/2019 01/10/2019 C.1 27/09/2017 Book

Riara University Library,
P.O. Box 49940-00100,
Nairobi, Kenya.